• 首页
  • 本馆介绍
  • 公告通知
  • 最新文献
  • 馆藏检索
  • 电子资源
  • 读者导购
  • 参考咨询
  • 我的图书馆
  • 登录
  • 详细信息显示
  • 放入我的书架
  • 预约/预借图书
  • 作者相关作品
  • 分类相关作品
  • 丛书相关作品
  • 出版社相关作品

书目信息

  • 表格格式
  • 工作单格式
  • 卡片格式
题名:
著名协奏曲欣赏
    
 
作者: 黎孟德 著
分册:  
出版信息: 成都   四川文艺出版社  2013.08
页数: 232页
开本: 24cm
丛书名: 青少年艺术欣赏讲堂
单 册:
中图分类: J627.7
科图分类:
主题词: 协奏曲--音乐欣赏--世界 , 协奏曲 , 音乐欣赏
电子资源:
ISBN: 978-7-5411-3716-7
000 00888oam2 2200289 450
001 0120131136900
005 20140610112153.96
010    @a978-7-5411-3716-7@dCNY28.00
100    @a20130927d2013 demy0chiy0110 ea
101 0  @achi
102    @aCN@b510000
105    @aag z 000yy
106    @ar
200 1  @a著名协奏曲欣赏@9zhu ming xie zou qu xin shang@f黎孟德著
210    @a成都@c四川文艺出版社@d2013.08
215    @a232页@c图,照片@d24cm
225 2  @a青少年艺术欣赏讲堂
330    @a本书主要内容包括:大协奏曲、钢琴协奏曲、小提琴协奏曲、大提琴协奏曲、小号协奏曲、圆号协奏曲、双簧管协奏曲等。
333    @a青少年
461  0 @12001 @a青少年艺术欣赏讲堂
606 0  @a协奏曲@x音乐欣赏@y世界
606 0  @a协奏曲
606 0  @a音乐欣赏
690    @aJ627.7@v5
701  0 @a黎孟德@9li meng de@4著
801  0 @aCN@b人天书店@c20130927
905    @b846576-79@dJ627.7@e236@f4
    
    著名协奏曲欣赏/黎孟德著.-成都:四川文艺出版社,2013.08
    232页:图,照片;24cm.-(青少年艺术欣赏讲堂)
    使用对象:青少年
    
    ISBN 978-7-5411-3716-7:CNY28.00
    本书主要内容包括:大协奏曲、钢琴协奏曲、小提琴协奏曲、大提琴协奏曲、小号协奏曲、圆号协奏曲、双簧管协奏曲等。
●
相关链接 在E读中查询图书 在五车中查询图书 在当当中查询图书 在豆瓣中查询图书


正题名:著名协奏曲欣赏     索取号:J627.7/236         预约/预借

序号 登录号 条形码 馆藏地/架位号 状态 备注
1 846576   208465766   第一样本阅览室/ [索取号:J627.7/236] 在馆    
2 846577   208465775   密集书库-音乐系/ [索取号:J627.7/236] 在馆    
3 846578   208465784   第一借阅区/ [索取号:J627.7/236] 在馆    
4 846579   208465793   第一借阅区/ [索取号:J627.7/236] 在馆    
唐山师范学院图书馆 欢迎您!
大连网信软件有限公司© 版权所有